Dấu tích văn hoá thời Nguyễn /

সংরক্ষণ করুন:
গ্রন্থ-পঞ্জীর বিবরন
প্রধান লেখক: Hồ Vĩnh
বিন্যাস: Sách giấy
ভাষা:Vietnamese
প্রকাশিত: Huế : Thuận hóa , 1996
ট্যাগগুলো: ট্যাগ যুক্ত করুন
কোনো ট্যাগ নেই, প্রথমজন হিসাবে ট্যাগ করুন!
Thư viện lưu trữ: Thư viện Trường Đại học Đà Lạt
LEADER 00576nam a2200253 4500
001 DLU020012768
005 ##5/29/2000
020 # # |a 978- 
041 # # |a vie 
082 # # |a 911.597  |b HO-V 
090 # # |a 911.597  |b HO-V 
100 # # |a Hồ Vĩnh 
245 # # |a Dấu tích văn hoá thời Nguyễn /  |c Hồ Vĩnh 
260 # # |a Huế :  |b Thuận hóa ,  |c 1996 
300 # # |a 126 tr.;   |c 19 cm. 
992 # # |a 9000 
994 # # |a DLU 
900 # # |a False 
911 # # |a Administrator 
925 # # |a G 
926 # # |a A 
927 # # |a SH 
980 # # |a Thư viện Trường Đại học Đà Lạt